000
00307 a2200157 4500
001
174868
020
_a
040
_c
Magnum
100
_a
Siguemoto, Regina
240
1
0
_a
A vaca rebeca
_l
por
245
1
0
_a
A vaca rebeca
362
0
_a
1899
440
1
_a
Scipione
697
_a
I/ANIMAIS
942
_c
BK
999
_c
174868
_d
174868